000 00691nam a2200205Ii 4500
003 JO-AjNU
008 230605s9999||||xx |||||||||||||| ||und||
040 _aJO-AjNU
_bara
_erda
_cJO-AjNU
041 _aara
050 1 4 _aBP145.K4.1970
100 3 _aخلاف، عبد الوهاب,
_eauthor
_946832
245 0 0 _aمصادر التشريع الإسلامي فيما لا نص فيه
250 _aط2
264 3 1 _aكويت:دار القلم للطباعة والنشر والتوزيع ،1970
300 _a180ص
336 _atext
_btxt
_2rdacontent
337 _aunmediated
_bn
_2rdamedia
338 _avolume
_bnc
_2rdacarrier
650 4 _aالفقه الاسلامي-اصول
_946833
999 _aA20402
_c23970
_d23970